000 00547nam a2200205 a 4500
008
049 _aMAIN
090 _aTH145
_bARO
100 1 _aArora, N.l.
245 1 0 _aBuilding construction /
_cN.I. Arora and B.R. Gupta.
260 _aNew Dehli :
_bSatya Prakashan,
_c1997.
300 _a7th ed.
650 1 _aBuilding construction.
700 _aGupta, B.R.
907 _a.b10212449
_b09-04-13
_c30-08-06
003
005 20230123134240.0
040 _cNUST
942 _cBOOKS
_kTH145
_mARO
999 _c162608
_d162608